000 00590nam a2200253Ia 4500
003 OSt
005 20220912152231.0
006 a|||||r|||| 00| 0
007 ta
008 220909b |||||||| |||| 00| 0 eng d
024 _a56799
037 _cTextual
040 _aCSL
_beng
_cCSL
041 _aeng
082 _aJ1, K24 CS
100 _aJones Margaret E
245 0 _aHouse plants
260 _c1962
300 _ap.
_ccm.
650 _a Horticulture
650 _aAgriculture
942 _hJ1, K24 CS
_cTEXL
_2CC
999 _c82595
_d82595